000 00671nam a2200217 a 4500
005 20240925064525.0
008 991125s1980 es 000 0 spa u
020 _a8426904130
035 _aUPN01000012092
049 _aCG
050 4 _aLB1062
_bD5.4
100 1 _aDíez Bugallo, María Dolores
_931807
245 1 3 _aLa creatividad en la EGB /
_cMaría Dolores Díez, Elena Matos, Francisco Menchen.
260 _aMadrid :
_bMarova,
_c1980.
300 _a144 p. :
_bil.
440 0 _aBiblioteca del educador ;
_v23
650 4 _aPensamiento creativo (Educación)
_95414
700 1 _aMatos, Elena,
_ecoaut.
700 1 _aMenchen, Francisco,
_ecoaut.
905 _aLibro
999 _c12092
_d12092